|
|
|
|
| LEADER |
00000nab a2200000 a 4500 |
| 001 |
vtls000221238 |
| 003 |
SK-MaSNL |
| 005 |
20260302221800.0 |
| 008 |
111130c1985 xo 0 slo |
| 015 |
|
|
|a SNBRB19rr/mm-uuuuu
|
| 035 |
|
|
|a CL0231352
|
| 040 |
|
|
|a SNKBUCL
|b slo
|c SNKBUCL
|e AACR2
|
| 041 |
0 |
|
|a slo
|
| 044 |
|
|
|a xo
|c SK
|
| 080 |
|
|
|a 78.091.4:782/785
|2 1981
|
| 080 |
|
|
|a 782/785
|2 1981
|
| 100 |
1 |
|
|a Bukovinská, Júlia,
|d 1956-
|4 aut
|9 169562
|
| 245 |
1 |
0 |
|a Spontánny záujem
|b Skončila sa Košická hudobná jar
|c Júlia Bukovinská
|
| 611 |
2 |
7 |
|a Košická hudobná jar
|n (30. :
|d 1985 :
|c Košice, Slovensko)
|2 snkbucl
|9 928972
|
| 651 |
|
7 |
|a Košice (Slovensko)
|2 snkbucl
|9 18694
|
| 655 |
|
7 |
|a články z novín a časopisov
|2 snkbucl
|9 267496
|
| 773 |
0 |
|
|t Práca
|g Roč. 40, č. 138 (14. 6. 1985), s. 6
|
| 850 |
|
|
|a Slovenská národná knižnica v Martine
|a MTA001
|
| 852 |
|
|
|a SNK
|b KIS3GCP
|
| 992 |
|
|
|a RBX
|
| 999 |
|
|
|c 1513439
|d 1515369
|